Strategie týdeník o marketingové komunikaci

Salvato in:
Dettagli Bibliografici
Natura: Periodico
Lingua:ceco
Pubblicazione: Praha Strategie Praha 1999
Soggetti:
Tags: Aggiungi Tag
Nessun Tag, puoi essere il primo ad aggiungerne!!

MARC

LEADER 00000nas2a2200000 4500
001 s123871
005 20221221071659.4
022 |a 1210-3756 
041 0 |a cze 
044 |a CZ 
245 1 0 |a Strategie  |b týdeník o marketingové komunikaci 
264 1 |a Praha  |b Strategie Praha  |c 1999 
300 |a 2 zv.  |e 10 príl., 1 CD-ROM 
773 0 |w eu_un_cat*s120027 
610 2 0 |a stratégia marketingová 
610 2 0 |a reklama 
610 2 0 |a médiá